00895nam a22002417a 4500010001300000020002500013035001300038037001800051040001200069082001300081100003000094245010100124260005500225270003700280300001900317650003700336650002600373700002900399700002700428942002200455999001900477952015700496 aB-229323 a978183481595c450.00 aB-229323 bCen Lib / Ret aDPLbEN a000bTRI aTripathi, Brijesh9138966 aPathfinder CDS entrance examination /cby Brijesh Tripathi, Satyajeet Rawat [and] Neetika Goyal  aMeerutbSanjeeb Arihant Publications Jain, Sanjeev aKalindi Transport Nagar bMeerut a174pc27cm(Hb) aCDS entrance examination9138967 aEntrance exam9142235 aRawat, Satyajeet9138969 aGoyal, Neetika9138970 2ddccENh000mTRI c136282d136282 00102ddc40708NFICaLbLcGENd2016-03-18eCen Lib/Retg450.00l16m10o000 TRIpB-229323r2025-02-24 00:00:00s2025-02-18t1v450.00w2016-03-18yEN